000 02318cam a22004814i 4500
003 PE-LiUPU
005 20250731172731.0
008 150617s1968 ck r 000 0 spa d
035 _a(Sirsi) a11488
040 _aPE-LiUPU
_bspa
_cPE-LiUPU
_erda
049 _aPRUA
082 0 4 _a231.6
_bL59
_221
100 1 _aLibby, Raymundo H.,
_eautor.
245 1 1 _a¡Qué! ¿No hay Dios? :
_by otros breves mensajes bíblicos /
_cRaymundo H. Libby.
264 1 _aBogotá :
_bEdiciones Interamericanas,
_c1968.
300 _a63 páginas ;
_c18 centímetros
336 _atext
_2rdacontent
337 _aunmediated
_2rdamedia
338 _avolume
_2rdacarrier
505 0 _a¡Qué!¿No hay Dios? -- El libro que Dios inspiró -- El poder de Dios en la creación -- ¡Cristo es Dios! -- ¿Quién fue el primer pecador? -- La ley inmutable de Dios. ¿Por qué murió Jesús? -- ¿Por qué es necesaria la gracia? -- El milagro de la conversión -- La divisa del amor -- El día del Señor en el Nuevo Testamento -- El día más grande de la historia -- El futuro revelado en las estrellas -- Cuando la vida se acaba -- Conversando con Dios -- ¿Dónde pasaremos la eternidad?.
526 _aSEG42
526 _aSEG41
526 _aSEG40
526 _aSEG39
526 _aP94
526 _aP87
526 _aP86
526 _aP85
526 _aP77
526 _aP76
526 _aP35
650 0 4 _aExistencia de dios
_xMeditaciones.
910 _ajck
_bjvq
_cjck
_d20150616
942 _2ddc
_cBOOK
949 _a231.6 L59
_wDEWEY
_c1
_i23232
_lCCODEBUL1
_mBUL
_p30.00
_r0
_sY
_tBOOK
_u19810913
_xTEOLOGIA
_PP35
_0COMPRA
_o.STAFF. Colección Teología
949 _a231.6 L59
_wDEWEY
_c2
_i19533
_lCCODEBUL1
_mBUL
_p30.00
_r0
_sY
_tBOOK
_u19810913
_xTEOLOGIA
_PP35
_0COMPRA
_o.STAFF. Colección Teología
994 _aC0
_bPEPRU
596 _a1
999 _a231.6 L59
_wDEWEY
_c1643
_i23232
_d1643
_e2017-4-30
_f2021-11-29
_g5
_lCCODEBUL1
_mBUL
_n1
_p30.00
_r0
_sY
_tBOOK
_u2015-6-17
_xTEOLOGIA
_PP35
_0COMPRA
_o.STAFF. Colección Teología
999 _a231.6 L59
_wDEWEY
_c2
_i19533
_d2017-4-26
_e2017-4-24
_f2021-11-9
_g5
_lCCODEBUL1
_mBUL
_n1
_p30.00
_r0
_sY
_tBOOK
_u2015-6-17
_xTEOLOGIA
_PP35
_0COMPRA
_o.STAFF. Colección Teología
980 _81
_gALBERTO SANCHEZ Responsable de Automatización